000 00633nam a2200193 4500
001 111984
003 ES-MaACL
005 20230906185409.0
007 t|
008 061121s1986 mx r ||||1| spa d
100 1 _aNewsholme, E. A.
_985505
245 1 0 _aBioquímica médica /
_cE. A. Newsholme y A. R. Leech; versión en español dirigida por Emilio Herrera Castillón.
250 _a1ª ed,.
260 _aMéxico [etc.] :
_bNueva Ed. Interamericana,
_c1986.
300 _aXXVII, 803 p. ;
_c25 cm.
700 1 _aLeech, A. R.
_971200
700 1 _aHerrera Castillón, Emilio.
_963215
852 _aES-MaACL
_jL-12401
_bR.115053
999 _c111984
_d111984